000 01001cam a2200229 i 4500
005 20260605130200.0
008 180418s2019 nyua b 001 0 eng
020 _a9780190640323 (hbk.)
082 0 0 _a346.06624 CHE
100 1 _aCheffins, Brian R.
245 1 4 _aThe public company transformed /
_cBrian R. Cheffins.
264 1 _aNew York :
_bOxford University Press,
_c2019.
300 _axvi, 431 p. :
_bill. ;
_c25 cm.
365 _bRS.6388
505 _a1: Introduction ; 2: Managerial capitalism ; 3: The 1970s managerial capitalism sustained but something happened ; 4: The 1980s managerial capitalism taken over ; 5: The 1990s gloom to euphoria and back ; 6: The 2000s the decade from hell ; 7: The future of the public company .
650 0 _aCorporation law
650 0 _aCorporations
650 0 _aHistory.
906 _a7
_bcbc
_corignew
_d1
_eecip
_f20
_gy-gencatlg
942 _2ddc
_cBK
999 _c116022
_d116022